| 000 | 00865cab a2200277 4500 | ||
|---|---|---|---|
| 001 | WB3201-42 | ||
| 008 | 090401t1996 xxu||||| |||| 00| 0 eng d | ||
| 035 | _a(Sirsi) u10837 | ||
| 041 | _aeng | ||
| 245 | _aOver-rented ruling | ||
| 260 | _c1996 | ||
| 350 | _a0 | ||
| 490 |
_aProperty Week _v54(1) 4 January 1996, 9(1) |
||
| 520 | _aA landmark ruling allowing a tenant going into voluntary liquidation to make a single cash payment based on a market rent when pulling out of a lease. | ||
| 650 | _aBUSINESS TENANCIES | ||
| 650 | _aINSOLVENCY ACT 1986 S178 | ||
| 650 | _aMARKET RENT | ||
| 650 | _aOVER-RENTED PROPERTY | ||
| 650 | _aPARK AIR SERVICES | ||
| 650 | _aROLLING BREAK CLAUSE | ||
| 650 | _aSINGLE CASH PAYMENTS | ||
| 650 | _aVOLUNTARY LIQUIDATION | ||
| 690 | _aLANDLORD AND TENANT-BUSINESS TENANCIES | ||
| 942 | _n0 | ||
| 948 | _c04/03/1997 | ||
| 999 |
_c6896 _d6896 |
||